000 00782nam a2200241 i 4500
001 42550
003 ES-MaACL
005 20230906160632.0
007 t|
008 030407s2001 sp ||||1| spa d
020 _a84-7671-636-2
080 _a821.134.2 Barea, Arturo 1.07
100 1 _aEaude, Michael.
_946458
245 1 0 _aArturo Barea
_b: triunfo en la medianoche del siglo /
_cMichael Eaude.
260 _aMérida :
_bEditora Regional de Extremadura,
_c[2001]
300 _a295 p. :
_bil. ;
_c24 cm.
490 1 _aColección estudio ;
_v17
504 _aBibliografía: p. 283-293.
600 1 4 _aBarea, Arturo-
_xCrítica e interpretación.
_925604
830 0 _aColección estudio ;
_v17
_9181942
852 _aES-MaACL
_jL-26151
_bR.131798
999 _c42550
_d42550